000 00792nam a2200265 i 4500
001 C2-0262202
003 PPAK
005 20180727231422.0
008 050119s2004 my a|||| ||||| | eng d
020 _a9679351513
040 _aPPAK
_beng
_cPPAK
_erda
082 0 4 _a428.6
_223
090 0 0 _a428.6
_bSEB
_dK
100 1 _aSebastian, Patrick S.,
_eauthor
245 1 0 _aHorror of the skeleton rabbit
264 1 _aPetaling Jaya, Selangor :
_bUni-Text Distributors ,
_c2004
300 _a29 pages :
_billustrations ;
_c22 cm
336 _2rdacontent
_atext
337 _2rdamedia
_aunmediated
338 _2rdacarrier
_avolume
490 1 _aScholastic science English reader - part one
650 1 0 _aReaders
830 0 _aScholastic science English reader - part one
942 _ddc
_cB
999 _c72704
_d72704